000 00699nam a2200229 4500
999 _c10841
_d10841
001 10841
003 BD-JhCC
005 20191031134007.0
008 190521b20192011bd ||||| a||| 00| 0 ben d
020 _a9847009601347
035 _a(BD-JhCC)10841
040 _aBD-JhCC
_dBD-JhCC
041 _aben
082 _bGON 2019
_a510
245 _aগণিতের রাজ্যে π /
_cসম্পাদনায় সুব্রত দেব নাথ
260 _aঢাকা,বাংলাদেশ:
_bতাম্রলিপি,
_c2019.
300 _a143 p.
650 _aMathematics
700 _aনাথ, সুব্রত দেব
942 _2ddc
_cBK
_02